Podniková komunikace: sdělování a přesvědčování, nebo mlžení a nuda?

Priame, jednoduché a krátke informácie ako základ presvedčivej komunikácie. Situácia v podnikovej komunikácii v praxi. Najčastejšie chyby, ktorých je potrebné sa vyvarovať.

Enregistré dans:
Détails bibliographiques
Auteur principal: Urban, Jan
Format: Chapitre de livre
Langue:tchèque
Sujets:
Tags: Ajouter un tag
Pas de tags, Soyez le premier à ajouter un tag!

MARC

LEADER 00000naa$a2200000$$$4500
001 0057186
005 20231128135040.1
041 0 |a cze 
044 |a CZ 
245 1 0 |a Podniková komunikace: sdělování a přesvědčování, nebo mlžení a nuda?  |c Jan Urban 
520 |a Priame, jednoduché a krátke informácie ako základ presvedčivej komunikácie. Situácia v podnikovej komunikácii v praxi. Najčastejšie chyby, ktorých je potrebné sa vyvarovať. 
610 2 0 |a komunikácia firemná 
610 2 0 |a komunikácia interná 
610 2 0 |a komunikácia masová 
610 2 0 |a manažéri 
610 2 0 |a zamestnanci 
610 2 0 |a zákazníci 
100 1 |a Urban, Jan